Bundesliga Current Managers - Statistics

General Stats
  • This quiz has been taken 45 times
    5 since last reset
  • The average score is 10 of 18
Answer Stats
Team Nationality Manager Name % Correct
Bayern Munich Belgian Vincent Kompany
100%
Bayer Leverkusen Dutch Erik ten Hag
80%
Borussia Dortmund Croatian Niko Kovač
80%
Mainz 05 Danish Bo Henriksen
60%
TSG Hoffenheim Austrian Christian Ilzer
60%
Eintracht Frankfurt German Dino Toppmöller
60%
1. FC Heidenheim German Frank Schmidt
60%
Borussia Mönchengladbach Swiss Gerardo Seoane
60%
SC Freiburg German Julian Schuster
60%
1. FC Köln Polish Lukas Kwasniok
60%
Hamburger SV German Merlin Polzin
60%
FC Augsburg German Sandro Wagner
60%
St. Pauli German Alexander Blessin
40%
Werder Bremen German Horst Steffen
40%
RB Leipzig German Ole Werner
40%
VfB Stuttgart German Sebastian Hoeneß
40%
Union Berlin German Steffen Baumgart
40%
VfL Wolfsburg Dutch Paul Simonis
20%
No matching quizzes found
Score Distribution
Percent of People with Each Score
Percentile by Number Answered
Your Score History
You have not taken this quiz since the last reset